Statistiken für Deutsche Sportlerinnen und ihre Sportarten

Klicken Sie hier um das Quiz zu spielen!

Allgemein

  • Dieses Quiz wurde 185 mal gespielt
  • Das Durchschnittsergebnis liegt bei 11 aus 20

Antwortstatistiken

HintAntwort% Korrekt
Angelique KerberTennis
90%
Malaika MihamboWeitsprung
81%
Maria Höfl-RieschSki Alpin
76%
Katarina WittEiskunstlauf
74%
Kristina VogelBahnradsport
68%
Laura LudwigBeachvolleyball
66%
Isabell WerthDressurreiten
64%
Regina HalmichBoxen
62%
Nia KünzerFußball
61%
Britta SteffenSchwimmen
59%
Uschi DislBiathlon
53%
Christina ObergföllSpeerwurf
48%
Birgit FischerKanusport
46%
Astrid KumbernussKugelstoßen
44%
Anja FichtelFechten
42%
Gunda Niemann-StirnemannEisschnelllauf
40%
Ulrike MeyfarthHochsprung
40%
Jutta KleinschmidtMotorsport
35%
Lisa UnruhBogenschießen
33%
Julia KrajewskiVielseitigkeitsreiten
22%

Verteilung der Resultate

Perzentil nach korrekt beantworteten Fragen

Anzahl Personen mit jedem Resultat

Ihre Resultats-Entwicklung

Sie haben dieses Quiz noch nicht gespielt